| 000 | 01323nam a22003497a 4500 | ||
|---|---|---|---|
| 001 | 12846157 | ||
| 003 | OSt | ||
| 005 | 20210420064234.0 | ||
| 008 | 020708s2003 ilua 000 0 eng | ||
| 010 | _a 2002027624 | ||
| 020 | _a1567932002 (pbk. : alk. paper) | ||
| 040 |
_aeng _cDLC _deng |
||
| 041 | _aeng | ||
| 042 | _apcc | ||
| 050 | 0 | 0 |
_aRA971.3 _b.G367 2003 |
| 080 |
_a614 _bC-20 |
||
| 082 | 0 | 0 |
_a362.1/068/1 _221 |
| 100 | 1 | _aGapenski, Louis C. | |
| 245 | 1 | 0 |
_aCases in healthcare finance : _bincludes diskette with student case models / _cLouis C. Gapenski. |
| 250 | _a2nd ed. | ||
| 260 |
_aChicago : _bHealth Administration Press ; _aWashington, DC : _bAUPHA, _cc2003. |
||
| 300 |
_axiii, 233 p. : _bill. ; _c28 cm. + _e1 floppy disk (3 1/2 in.) |
||
| 538 | _aSystem requirements for accompanying floppy disk: Excel 97. | ||
| 650 | 0 |
_aHealth facilities _xFinance _vCase studies. |
|
| 650 | 0 |
_aMedical care _xFinance _vCase studies. |
|
| 650 | 0 |
_aPublic Health _9337 |
|
| 653 | _aსაზოგადოებრივი ჯანდაცვა | ||
| 653 | _aჯანდაცვის ფინანსები | ||
| 906 |
_a7 _bcbc _corignew _d1 _eocip _f20 _gy-gencatlg |
||
| 942 |
_2udc _cBK _e2 |
||
| 999 |
_c493 _d493 |
||